Astres en Astronomie - Statistiques

Statistiques générales
  • Ce quiz a été pris 834 fois
  • Le résultat moyen est 12 sur 18
Statistiques - réponses
Par images Réponse % Correct
Saturne
99%
Soleil
99%
Terre
97%
Jupiter
96%
Mars
96%
Neptune
94%
Uranus
92%
Voie lactée
89%
Vénus
87%
Pluton
83%
Mercure
74%
grande ourse
50%
Io
49%
Orion
22%
galaxie d'Andromède
21%
Nébuleuse du crabe
13%
Piliers de la création
13%
Pléiades
13%
Aucun quiz correspondant
Distribution des résultats
% des personnes avec chaque résultat
Percentile par nombre de réponses
Votre historique - résultats
Vous n’avez pas pris ce quiz